000 00571cam a2200169 a 4500
001 000007633
005 20200929154235.0
008 811117r19321938enka 001 0 eng
040 _aDO-SdBNP
_bspa
_vBNPHU
082 _axx
_bxx
100 1 _aPotter, Edna.
_921177
245 1 0 _aChristopher Columbus :
_bthe story of a great adventure /
_cEdna Potter ; prólogo May Lamberton Becker.
260 _aLondon :
_bOxford University Press,
_c1932.
300 _a127 p. :
_bil. ;
_c22 cm.
600 1 0 _aColumbus, Christopher.
_914770
700 1 _aLamberton Becker, May,
_epról.
_921178
999 _c7413
_d7413